¿Dónde están nuestras heroínas? /

Bibliographic Details
Main Author: Delgado, Priscila (Author)
Other Authors: Larriva, Diego (Illustrator)
Format: Electronic eBook
Language:Spanish
Published: Cuenca, Ecuador : Universidad del Azuay, Casa Editora, [2022]
Subjects:
Online Access:Digitalia Hispánica

MARC

LEADER 00000nam a2200000 i 4500
001 DIGUAZUAY0163
003 NyNyDIG
007 cr |||||||||||
008 260119s2022 ec a ob 000 0cspa d
006 m o d
035 |a (OCoLC)1438846914 
040 |a DGITA  |b eng  |e rda  |e pn  |c DGITA 
020 |a 9789942847829  |q eBook 
020 |z 9789942847812 
043 |a s-ec--- 
050 1 4 |a HQ1557 ebook 
100 1 |a Delgado, Priscila,  |e author. 
245 1 0 |a ¿Dónde están nuestras heroínas? /  |c texto, Priscila Delgado ; ilustraciones, Diego Larriva Calle. 
264 1 |a Cuenca, Ecuador :  |b Universidad del Azuay, Casa Editora,  |c [2022] 
300 |a 1 online resource :  |b color illustrations. 
336 |a text  |b txt  |2 rdacontent 
337 |a computer  |b c  |2 rdamedia 
338 |a online resource  |b cr  |2 rdacarrier 
347 |a text file  |2 rdaft 
347 |b PDF 
504 |a Includes bibliographical references. 
588 0 |a Online resource; title from PDF title page (Digitalia, viewed January 19, 2026) 
650 0 |a Women  |z Ecuador  |v Biography. 
650 0 |a Women heroes  |z Ecuador. 
700 1 |a Larriva, Diego,  |e illustrator. 
791 2 |a Digitalia (Firm),  |e distributor. 
793 0 |g Digitalia eBook Collection:  |a Universidad del Azuay 
776 0 8 |i Print version:  |a Delgado, Priscila.  |t ¿Dónde están nuestras heroínas?.  |d Cuenca, Ecuador : Universidad del Azuay, Casa Editora, [2022]  |z 9789942847812 
856 4 0 |3 Digitalia Hispánica  |u https://www.digitaliapublishing.com/a/133548/ 
910 |a Premium collection: 2026